| 000 | 00527nam a2200181Ia 4500 | ||
|---|---|---|---|
| 999 |
_c11427 _d11427 |
||
| 003 | OSt | ||
| 005 | 20200129123411.0 | ||
| 008 | 190216s9999||||xx |||||||||||||| ||und|| | ||
| 020 | _a9789382126652 | ||
| 040 | _coclc | ||
| 082 |
_a368.954 _bBHA/I |
||
| 100 |
_a Bhargav, Keshav _91559 |
||
| 245 | 0 |
_aInsurance Marketing / _cKeshav Bhargav |
|
| 260 |
_bAstha Publishers & Distributers, _c2015. _aNew Delhi: |
||
| 300 | _a280p | ||
| 650 | _xInsurance | ||
| 942 |
_cBK _2ddc _h368.954 _iBHA/I _k368.954 _mBHA/I |
||